000 00253nam a22001217a 4500
008 170315b xxu||||| |||| 00| 0 eng d
041 _aeng
080 _a591
100 _a7
101 _aSH
245 _aINSECT RESPECTIVE
_cAKTINS.M.D
942 _2udc
_cBK
999 _c7822
_d7822